Der Weg zum Mitbürger: die politische Aufgabe der freien Erwachsenenbildung in Deutschland
| 1. VerfasserIn: | |
|---|---|
| Medienart: | Druck Buch |
| Sprache: | Deutsch |
| Veröffentlicht: |
Düsseldorf Köln
Eugen Diederichs Verlag
1954
|
| In: | Jahr: 1954 |
| Ausgabe: | 1. Auflage |
| Bestand in Tübingen: | In Tübingen vorhanden. UB: 8 A 2871 |
| Bestand in Albert-Krebs Bibliothek: | VA.50.007 1996-1101 |
| Verfügbarkeit prüfen: | HBZ Gateway |
| Subito Bestelldienst: | Jetzt bestellen. |
| Schlagwörter: |
MARC
| LEADER | 00000cam a2200000 c 4500 | ||
|---|---|---|---|
| 001 | 1077449968 | ||
| 003 | DE-627 | ||
| 005 | 20260206193949.0 | ||
| 007 | tu | ||
| 008 | 850101s1954 gw ||||| 00| ||ger c | ||
| 035 | |a (DE-627)1077449968 | ||
| 035 | |a (DE-603)091093678 | ||
| 035 | |a (DE-576)007449968 | ||
| 035 | |a (DE-599)BSZ007449968 | ||
| 035 | |a (OCoLC)310800845 | ||
| 035 | |a (OCoLC)310800845 | ||
| 035 | |a (DE-604)8019564430 | ||
| 035 | |a (AT-OBV)AC03252102 | ||
| 040 | |a DE-627 |b ger |c DE-627 |e rda | ||
| 041 | |a ger | ||
| 044 | |c XA-DE | ||
| 084 | |a 2,1 |2 ssgn | ||
| 084 | |a DW 1300 |2 rvk |0 (DE-625)rvk/20265:761 | ||
| 084 | |a DW 1500 |2 rvk |0 (DE-625)rvk/20267:761 | ||
| 084 | |a 89.53 |2 bkl | ||
| 084 | |a 79.63 |2 bkl | ||
| 100 | 1 | |a Borinski, Fritz |d 1903-1988 |e VerfasserIn |0 (DE-588)118661825 |0 (DE-627)079446264 |0 (DE-576)160373069 |4 aut | |
| 109 | |a Borinski, Fritz 1903-1988 |a Borinski, F. 1903-1988 |a Borinski, Friedrich 1903-1988 |a Borinski, Friedrich Franz Peter Iwan 1903-1988 | ||
| 245 | 1 | 4 | |a Der Weg zum Mitbürger |b die politische Aufgabe der freien Erwachsenenbildung in Deutschland |c Fritz Borinski |
| 250 | |a 1. Auflage | ||
| 264 | 1 | |a Düsseldorf |a Köln |b Eugen Diederichs Verlag |c 1954 | |
| 300 | |a 255 Seiten | ||
| 336 | |a Text |b txt |2 rdacontent | ||
| 337 | |a ohne Hilfsmittel zu benutzen |b n |2 rdamedia | ||
| 338 | |a Band |b nc |2 rdacarrier | ||
| 361 | 1 | |a Wehrbereichsbibliothek (Hannover) |5 DE-35 |y 3695945281 |s 4153 |o Vorbesitz |0 (DE-588)2032223-9 |0 (DE-627)102430195 |0 (DE-576)191836702 | |
| 583 | 1 | |a Archivierung/Langzeitarchivierung gewährleistet |f SLG |x XA-DE-BW |z BfZ |2 pdager |5 DE-24 | |
| 583 | 1 | |a Archivierung/Langzeitarchivierung gewährleistet |f SSG |x XA-DE-BW |2 pdager |5 DE-21 | |
| 650 | 0 | 7 | |0 (DE-588)4015428-2 |0 (DE-627)104791691 |0 (DE-576)208911715 |a Erwachsenenbildung |2 gnd |
| 650 | 0 | 7 | |0 (DE-588)4046526-3 |0 (DE-627)106197703 |0 (DE-576)20906997X |a Politische Bildung |2 gnd |
| 650 | 4 | |a Erwachsenenbildung |7 (dpeaa)DE-2619 | |
| 689 | 0 | 0 | |d g |0 (DE-588)4011882-4 |0 (DE-627)104704861 |0 (DE-576)208896155 |a Deutschland |2 gnd |
| 689 | 0 | 1 | |d s |0 (DE-588)4015428-2 |0 (DE-627)104791691 |0 (DE-576)208911715 |a Erwachsenenbildung |2 gnd |
| 689 | 0 | 2 | |d s |0 (DE-588)4046526-3 |0 (DE-627)106197703 |0 (DE-576)20906997X |a Politische Bildung |2 gnd |
| 689 | 0 | |5 DE-101 | |
| 689 | 1 | 0 | |d s |0 (DE-588)4046526-3 |0 (DE-627)106197703 |0 (DE-576)20906997X |a Politische Bildung |2 gnd |
| 689 | 1 | 1 | |d s |0 (DE-588)4015428-2 |0 (DE-627)104791691 |0 (DE-576)208911715 |a Erwachsenenbildung |2 gnd |
| 689 | 1 | |5 (DE-627) | |
| 689 | 2 | 0 | |d g |0 (DE-588)4011889-7 |0 (DE-627)104732423 |0 (DE-576)208896201 |a Deutschland |g Bundesrepublik |2 gnd |
| 689 | 2 | 1 | |d s |0 (DE-588)4046526-3 |0 (DE-627)106197703 |0 (DE-576)20906997X |a Politische Bildung |2 gnd |
| 689 | 2 | 2 | |d s |0 (DE-588)4015428-2 |0 (DE-627)104791691 |0 (DE-576)208911715 |a Erwachsenenbildung |2 gnd |
| 689 | 2 | |5 (DE-627) | |
| 889 | |w (DE-627)020672640 | ||
| 935 | |a mkri | ||
| 935 | |i mdedup | ||
| 935 | |h HEB |i 0501 | ||
| 935 | |h HEB |i 0503 | ||
| 936 | r | v | |a DW 1300 |b Allgemeines und Deutschland |k Pädagogik |k Erwachsenenbildung und Jugendbildung |k Didaktik; Lernziel, Curriculum |k Allgemeines und Deutschland |0 (DE-627)1270813250 |0 (DE-625)rvk/20265:761 |0 (DE-576)200813250 |
| 936 | r | v | |a DW 1500 |b Allgemeines und Deutschland |k Pädagogik |k Erwachsenenbildung und Jugendbildung |k Soziologische, bildungspolitische und rechtliche Fragen u. dgl. |k Allgemeines und Deutschland |0 (DE-627)1270813277 |0 (DE-625)rvk/20267:761 |0 (DE-576)200813277 |
| 936 | b | k | |a 89.53 |j Politische Kultur |0 (DE-627)106413864 |
| 936 | b | k | |a 79.63 |j Erwachsenenbildung |0 (DE-627)106421581 |
| 936 | s | n | |a d100 |2 mzub |
| 951 | |a BO | ||
| ELC | |b 1 | ||
| LOK | |0 000 xxxxxcx a22 zn 4500 | ||
| LOK | |0 001 2058568435 | ||
| LOK | |0 003 DE-627 | ||
| LOK | |0 004 1077449968 | ||
| LOK | |0 005 19981210000000 | ||
| LOK | |0 008 981210||||||||||||||||ger||||||| | ||
| LOK | |0 040 |a DE-21 |c DE-627 |d DE-21 | ||
| LOK | |0 852 |a DE-21 | ||
| LOK | |0 852 1 |c 8 A 2871 |9 00 | ||
| LOK | |0 935 |a kram |a konv | ||
| LOK | |0 939 |a 10-12-98 |b l01 | ||
| LOK | |0 000 xxxxxcx a22 zn 4500 | ||
| LOK | |0 001 2662821876 | ||
| LOK | |0 003 DE-627 | ||
| LOK | |0 004 1077449968 | ||
| LOK | |0 005 20110202164954 | ||
| LOK | |0 008 110202||||||||||||||||ger||||||| | ||
| LOK | |0 040 |a DE-21-43 |c DE-627 |d DE-21-43 | ||
| LOK | |0 852 |a DE-21-43 | ||
| LOK | |0 852 1 |c Ee 244 |m p |9 00 | ||
| LOK | |0 935 |a k043 |a kneu | ||
| LOK | |0 938 |k p | ||
| LOK | |0 939 |a 02-02-11 |b l01 | ||
| LOK | |0 000 xxxxxcx a22 zn 4500 | ||
| LOK | |0 001 419622332X | ||
| LOK | |0 003 DE-627 | ||
| LOK | |0 004 1077449968 | ||
| LOK | |0 005 20221011145811 | ||
| LOK | |0 008 221011||||||||||||||||ger||||||| | ||
| LOK | |0 035 |a (DE-2619)k00967 | ||
| LOK | |0 040 |a DE-2619 |c DE-627 |d DE-2619 | ||
| LOK | |0 092 |o n | ||
| LOK | |0 541 |e Bestand Albert-Krebs-Bibliothek: 1996-1101 | ||
| LOK | |0 852 |a DE-2619 | ||
| LOK | |0 852 1 |c VA.50.007 |m p |9 00 | ||
| LOK | |0 935 |a kreb | ||
| LOK | |0 938 |k p | ||
| LOK | |0 939 |a 11-10-22 |b l01 | ||
| ORI | |a SA-MARC-krimdoka001.raw | ||
| SIG | |a UB: 8 A 2871 | ||
| TIM | |a 100019901003_100020261231 |b 1990-10-03 - 2026 | ||
